Ženy : Co máš rád nejvíc

Bibliographic Details
Corporate Authors: Kamelie (hudobná skupina)‏ (Author), ORM (hudobná skupina) (Singer)
Format: Audio
Language:Czech
PhysicalDescription:1 gramofónová platňa 18 cm
Published: Praha Supraphon [1988]
Subjects:

MARC

LEADER 00000njm a2200000 4500
001 vtls012232294
003 SK-MaSNL
005 20260301220127.0
007 s cs p a
008 230614t1988 xr g 000 0 cze
015 |a SNBJ1988 
028 1 1 |a 11 0017-7311  |b SUPRAPHON 
028 2 1 |a H 3931/A A  |b SUPRAPHON 
028 2 1 |a H 3932/A A  |b SUPRAPHON 
040 |a SNK  |b slo  |c SNK  |e rda 
041 0 |a cze 
044 |a xr  |c CZ 
072 7 |a 78  |x Hudba  |2 konspekt 
080 |a (086.72)  |2 2011 
110 2 |a Kamelie (hudobná skupina)‏  |4 aut  |9 242924 
245 1 0 |a Ženy : Co máš rád nejvíc  |c Hana a Dana; ORM (hudobná skupina) 
264 1 |a Praha  |b Supraphon  |c [1988] 
264 4 |c Ⓟ1988 
300 |a 1 gramofónová platňa  |c 18 cm 
336 |a hraná hudba  |b prm  |2 rdacontent 
337 |a audio  |b s  |2 rdamedia 
338 |a audiodisk  |b sd  |2 rdacarrier 
500 |a Gramoplatňa má 2 skladby 
655 7 |a gramofónové platne  |2 SNKPH  |9 74608 
655 7 |a Gramophone records  |2 SNKPHeng  |9 286457 
710 2 |a ORM (hudobná skupina)  |4 sng  |9 441793 
740 0 2 |a Co máš rád nejvíc 
958 |a GP 
999 |c 930705  |d 932635 
952 |a SNK  |b SNK  |y PREZ  |7 0  |p 17A1420509  |o snkST 976  |i snk565/88  |0 0  |1 0  |4 0  |d 2023-06-14  |l 0  |r 2026-02-24 08:47:10  |w 2026-02-24